1820 1064 1986 1911 1436 1262 1456 1701 1113 1815 1686 1915 1072 1210 1286 1260 1275 1209 1734 1788 1420 1556 1203 1340 1983 1634 1799 1719 1837 1966 1168 1229 1550 1704 1559 1454 1542 1856 1266 1062 1350 1917 1243 1019 1565 1204 1211 1176 1873 1045 1371 1411 1509 1659 1462 1023 1417 1962 1576 1741 1967 1875 1378 1940 1931 1682 1485 1215 1360 1769 1596 1635 1733 1673 1578 1450 1359 1723 1375 1988 1648 1608 1763 1126 1699 1945 1688 1307 1175 1730 1394 1298 1506 1490 1684 1187 1147 1463 1619 BCNSPRNW ULIB Ver.6.0+V

เปลี่ยนเป็นภาษาไทย

Change to English
 แสดงรายละเอียดบรรณานุกรม
  กลับหน้าหลัก

Brief Record : Get Marc (ISO 2709) : E-mail record : QR code < ปิดหน้าต่าง
LEADER : 00000nam 2200000uu 4500
001    13399126034
003     ULIB
008    180507s2560||||th 000 0 tha d
020    ^a9786167687858
060    ^aWY157.3 ก125ก
100    ^aกนกวรรณ ฉันธนะมงคล
245    ^aการพยาบาลสตรีที่มีโรคร่วมกับการตั้งครรภ์
250    ^aพิมพ์ครั้งที่ 2
260    ^aปทุมธานี :^bมหาวิทยาลัยรังสิต,^c2560
300    ^a333 หน้า^bภาพประกอบ
650    ^aการพยาบาลสูติศาสตร์
650    ^aสตรีตั้งครรภ์ที่มีโรคร่วม
945    ^p300^l0^i25778
945    ^p300^l0^i25779
945    ^p300^l0^i25780
945    ^p300^l0^i25781
945    ^p300^l0^i25782
999    ^aกัณชพร
รายการนี้ยังไม่มีแท็ก
คุณยังไม่ได้ล็อกอิน คุณสามารถมีกิจกรรมร่วมกับเว็บไซต์ได้ แต่ต้องล็อกอินก่อน ::
  ล็อกอิน

รายการสื่อสารสนเทศ

ลำดับที่ ประเภท เลขเรียก/บาร์โค้ด สถานที่ สถานะ
1. หนังสือสำรอง
หนังสือสำรอง
WY157.3 ก125ก ฉ.1 
  Barcode: 25778
ห้องสมุดวิทยาเขตสวรรค์ประชารักษ์
►หนังสือทั่วไป
บนชั้น
2. วิทยาศาสตร์การแพทย์ และสุขภาพ
วิทยาศาสตร์การแพทย์ และสุขภาพ
WY157.3 ก125ก ฉ.2 
  Barcode: 25779
ห้องสมุดวิทยาเขตสวรรค์ประชารักษ์
►หนังสือทั่วไป
บนชั้น
3. วิทยาศาสตร์การแพทย์ และสุขภาพ
วิทยาศาสตร์การแพทย์ และสุขภาพ
WY157.3 ก125ก ฉ.3 
  Barcode: 25780
ห้องสมุดวิทยาเขตสวรรค์ประชารักษ์
►หนังสือทั่วไป
ถูกยืม กำหนดส่งวันที่ 15 พฤษภาคม 2569
  จอง
*เพิ่งรับคืน
4. วิทยาศาสตร์การแพทย์ และสุขภาพ
วิทยาศาสตร์การแพทย์ และสุขภาพ
WY157.3 ก125ก ฉ.4 
  Barcode: 25781
ห้องสมุดวิทยาเขตสวรรค์ประชารักษ์
►หนังสือทั่วไป
บนชั้น
5. วิทยาศาสตร์การแพทย์ และสุขภาพ
วิทยาศาสตร์การแพทย์ และสุขภาพ
WY157.3 ก125ก ฉ.5 
  Barcode: 25782
ห้องสมุดวิทยาเขตสวรรค์ประชารักษ์
►หนังสือทั่วไป
บนชั้น

รายการใกล้เคียง
    ชื่อเรื่อง [การพยาบาลสตรีที่มีโรคร่วมกับการตั้งครรภ์]

    ผู้แต่ง [กนกวรรณ ฉันธนะมงคล]

    หัวเรื่อง [การพยาบาลสูติศาสตร์]
    หัวเรื่อง [สตรีตั้งครรภ์ที่มีโรคร่วม]

BibComment


ยังไม่เคยถูกคอมเมนท์

คอมเมนท์ทรัพยากรรายการนี้
  คอมเมนท์: การพยาบาลสตรีที่..


 Copyright 2026. Bcnsprnw @Library